[Event "Izmailov Memorial op 15th"]
[Site "Tomsk"]
[Date "2011.06.04"]
[Round "4"]
[White "Dyagilev, Viktor"]
[Black "Belozerov, Andrei"]
[Result "1/2-1/2"]
[WhiteElo "1987"]
[BlackElo "2501"]
[PlyCount "111"]
[EventDate "2011.06.01"]
[EventType "swiss"]
[EventRounds "9"]
[EventCountry "RUS"]
[SourceTitle "EXT 2013"]
[Source "ChessBase"]
[SourceDate "2012.11.22"]
[SourceVersion "1"]
[SourceVersionDate "2012.11.22"]
[SourceQuality "1"]

1. e4 c5 2. Nf3 Nc6 3. d4 cxd4 4. Nxd4 Nf6 5. Nc3 d6 6. Be2 g6 7. Be3 Bg7 8. Qd2 0-0 9. f3 d5 10. Nxc6 bxc6 11. 0-0-0 Qa5 12. exd5 Rb8 13. Bd4 cxd5 14. a3 Re8 15. Be5 Be6 16. h4 Ne4 17. Nxe4 Qxd2+ 18. Nxd2 Bxe5 19. Nb3 Rec8 20. Kb1 Rc7 21. g4 a5 22. a4 Rb4 23. Bb5 h5 24. gxh5 gxh5 25. Rhg1+ Kf8 26. Rg5 Bf6 27. Rxh5 Ra7 28. Bc6 d4 29. Rb5 Bxb3 30. cxb3 Rc7 31. Rxb4 axb4 32. Bb5 Rc5 33. Bc4 e6 34. Kc2 Ke7 35. Kd3 Re5 36. Kc2 Rh5 37. Ra1 Rxh4 38. a5 Kd6 39. a6 Rh2+ 40. Kb1 Rh1+ 41. Ka2 Rxa1+ 42. Kxa1 Kc7 43. Kb1 Be7 44. Kc2 Bc5 45. Kd3 Kd6 46. Bb5 Ke5 47. Bc6 Kf4 48. Bb7 Ba7 49. Bc6 f5 50. Bb7 e5 51. Bc6 Kg5 52. Bd5 Kf6 53. Bb7 Kg5 54. Bd5 Kg6 55. Be6 Kf6 56. Bd5 1/2-1/2

[Event "Moscow op-E"]
[Site "Moscow"]
[Date "2011.02.02"]
[Round "5.215"]
[White "Dyagilev, Viktor"]
[Black "Rukavishnikov, Vladimir"]
[Result "1-0"]
[WhiteElo "1991"]
[BlackElo "1991"]
[PlyCount "27"]
[EventDate "2011.01.29"]
[EventType "swiss"]
[EventRounds "9"]
[EventCountry "RUS"]
[SourceTitle "EXT 2022"]
[Source "ChessBase"]
[SourceDate "2021.10.06"]
[SourceVersion "1"]
[SourceVersionDate "2021.10.06"]
[SourceQuality "1"]

1. e4 d5 2. exd5 Qxd5 3. Nc3 Qa5 4. Nf3 Nf6 5. Be2 Bf5 6. 0-0 e6 7. d3 c6 8. Nd4 Bg6 9. Kh1 Bd6 10. f4 Nbd7 11. Be3 0-0-0 12. Bf3 Qc7 13. Ndb5 cxb5 14. Nxb5 1-0

[Event "Moscow op-E"]
[Site "Moscow"]
[Date "2011.01.31"]
[Round "3.127"]
[White "Dyagilev, Viktor"]
[Black "Volodin, Ivan"]
[Result "1/2-1/2"]
[WhiteElo "1991"]
[BlackElo "2231"]
[PlyCount "67"]
[EventDate "2011.01.29"]
[EventType "swiss"]
[EventRounds "9"]
[EventCountry "RUS"]
[SourceTitle "EXT 2022"]
[Source "ChessBase"]
[SourceDate "2021.10.06"]
[SourceVersion "1"]
[SourceVersionDate "2021.10.06"]
[SourceQuality "1"]

1. e4 c5 2. Nf3 Nc6 3. d4 cxd4 4. Nxd4 Qb6 5. Nb3 Nf6 6. Nc3 e6 7. Bd3 Bb4 8. 0-0 Bxc3 9. bxc3 d5 10. exd5 Nxd5 11. Qg4 Bd7 12. c4 Ndb4 13. Be3 Qc7 14. Qxg7 0-0-0 15. Qc3 Nxd3 16. cxd3 Rhg8 17. f4 Ne7 18. Rf2 Rg4 19. Rb1 Rdg8 20. Rbb2 b6 21. c5 Nf5 22. Bd4 b5 23. Be5 Qc6 24. Nd4 Nxd4 25. Qxd4 Qb7 26. a4 b4 27. c6 Bxc6 28. Rxb4 Bxg2 29. Rxb7 Bh3+ 30. Rg2 Rxg2+ 31. Kh1 Rg1+ 32. Qxg1 Rxg1+ 33. Kxg1 Kxb7 34. Kf2 1/2-1/2

[Event "Tomsk-ch"]
[Site "Tomsk"]
[Date "2010.12.14"]
[Round "8"]
[White "Sviridov, Valery"]
[Black "Dyagilev, Viktor"]
[Result "0-1"]
[WhiteElo "2246"]
[BlackElo "1830"]
[PlyCount "80"]
[EventDate "2010.12.06"]
[EventType "tourn"]
[EventRounds "11"]
[EventCountry "RUS"]
[SourceTitle "EXT 2022"]
[Source "ChessBase"]
[SourceDate "2021.10.06"]
[SourceVersion "1"]
[SourceVersionDate "2021.10.06"]
[SourceQuality "1"]

1. Nf3 Nf6 2. c4 g6 3. g3 Bg7 4. Bg2 0-0 5. 0-0 d6 6. d4 Nbd7 7. Nc3 e5 8. e4 c6 9. h3 a6 10. Rb1 Re8 11. Re1 Rb8 12. a4 b6 13. Qc2 exd4 14. Nxd4 Bb7 15. Be3 Ne5 16. b3 c5 17. Nde2 Nc6 18. Qd2 Nb4 19. f3 Qe7 20. Bf4 Rbd8 21. Rbd1 Bf8 22. g4 Rd7 23. Ng3 Ra8 24. Bg5 Bg7 25. h4 h6 26. Bxh6 Bxh6 27. Qxh6 Qe5 28. Nge2 b5 29. cxb5 axb5 30. Nxb5 d5 31. Nf4 d4 32. Bf1 Nc2 33. Bc4 Nxe1 34. Qxg6+ Kh8 35. Qh6+ Nh7 36. Bxf7 Nxf3+ 37. Kf2 Nxh4 38. Be6 Qxe4 39. Bxd7 Qe3+ 40. Kf1 Bg2+ 0-1

[Event "Tomsk-ch"]
[Site "Tomsk"]
[Date "2010.12.12"]
[Round "6"]
[White "Turovets, Sergey"]
[Black "Dyagilev, Viktor"]
[Result "0-1"]
[WhiteElo "2007"]
[BlackElo "1830"]
[PlyCount "78"]
[EventDate "2010.12.06"]
[EventType "tourn"]
[EventRounds "11"]
[EventCountry "RUS"]
[SourceTitle "EXT 2022"]
[Source "ChessBase"]
[SourceDate "2021.10.06"]
[SourceVersion "1"]
[SourceVersionDate "2021.10.06"]
[SourceQuality "1"]

1. d4 Nf6 2. c4 g6 3. Nc3 Bg7 4. e4 d6 5. f3 0-0 6. Be3 e5 7. d5 c6 8. g4 cxd5 9. cxd5 h5 10. h3 a6 11. Qd2 b5 12. Nce2 Nbd7 13. Bg5 Qb6 14. Ng3 h4 15. Bxh4 Nh7 16. N3e2 f5 17. gxf5 gxf5 18. Ng3 fxe4 19. Nxe4 Ndf6 20. Nxf6+ Nxf6 21. Bf2 Qc7 22. Rc1 Qf7 23. Rc6 Bb7 24. Rxd6 Bxd5 25. Bh4 Rfd8 26. Rxd8+ Rxd8 27. Rh2 Rd7 28. Bxf6 Qxf6 29. Be2 e4 30. fxe4 Qh4+ 31. Rf2 Bh6 32. Qd3 Be6 33. Qf3 Rf7 34. Qg2+ Rg7 35. Qf1 Be3 36. Nf3 Qg3 37. h4 Bh3 38. Qg1 Qxg1+ 39. Nxg1 Rxg1+ 0-1

[Event "Berdsk Maestro op 16th"]
[Site "Berdsk"]
[Date "2010.07.16"]
[Round "9"]
[White "Kiryushkin, Alexander"]
[Black "Dyagilev, Viktor"]
[Result "1/2-1/2"]
[WhiteElo "2016"]
[BlackElo "1756"]
[PlyCount "36"]
[EventDate "2010.07.08"]
[EventType "swiss"]
[EventRounds "9"]
[EventCountry "RUS"]
[SourceTitle "EXT 2011"]
[Source "ChessBase"]
[SourceDate "2010.11.26"]
[SourceVersion "1"]
[SourceVersionDate "2010.11.26"]
[SourceQuality "1"]

1. e4 g6 2. d4 Bg7 3. Nc3 d6 4. f4 Nf6 5. Nf3 0-0 6. Bd3 Bg4 7. 0-0 Nc6 8. Be3 Nd7 9. Ne2 e5 10. c3 exf4 11. Bxf4 Kh8 12. h3 Bxf3 13. Rxf3 Qe7 14. Qb3 Na5 15. Qa4 Nc6 16. Qb3 Na5 17. Qa4 Nc6 18. Qb3 Na5 1/2-1/2

[Event "Berdsk Maestro op 16th"]
[Site "Berdsk"]
[Date "2010.07.08"]
[Round "1"]
[White "Dyagilev, Viktor"]
[Black "Pavlovskiy, Pavel"]
[Result "0-1"]
[WhiteElo "1756"]
[BlackElo "2095"]
[PlyCount "64"]
[EventDate "2010.07.08"]
[EventType "swiss"]
[EventRounds "9"]
[EventCountry "RUS"]
[SourceTitle "EXT 2011"]
[Source "ChessBase"]
[SourceDate "2010.11.26"]
[SourceVersion "1"]
[SourceVersionDate "2010.11.26"]
[SourceQuality "1"]

1. e4 e6 2. d4 d5 3. Nc3 Nf6 4. Bg5 Be7 5. e5 Nfd7 6. Bxe7 Qxe7 7. f4 0-0 8. Nf3 c5 9. Qd2 Nc6 10. dxc5 Qxc5 11. 0-0-0 Nb6 12. Nd4 Bd7 13. Nb3 Qe7 14. Bd3 a5 15. Qf2 Nc8 16. Nc5 Be8 17. Rhe1 b6 18. N5a4 Nb4 19. a3 Nxd3+ 20. Rxd3 b5 21. Nc5 b4 22. Nb1 Nb6 23. Rg3 Rc8 24. Nb3 Nc4 25. Nd4 f5 26. exf6 Rxf6 27. f5 e5 28. Ne6 Qxe6 29. Rf3 Qb6 30. Qxb6 Rxb6 31. axb4 axb4 32. b3 e4 0-1